1915 1602 1610 1978 1194 1983 1333 1944 1833 1826 1782 1196 1773 1787 1545 1332 1241 1009 1841 1715 1768 1936 1714 1421 1122 1292 1368 1865 1158 1143 1488 1162 1409 1582 1158 1284 1993 1027 1097 1253 1695 1124 1033 1203 1641 1895 1822 1860 1228 1480 1737 1313 1985 1436 1789 1302 1234 1545 1416 1459 1095 1187 1410 1148 1487 1025 1393 1954 1679 1459 1079 1950 1189 1581 1244 1664 1393 1256 1898 1442 1032 1609 1807 1803 1953 1953 1024 1345 1398 1820 1966 1982 1334 1162 1643 1616 1072 1101 1788 BCNSPRNW ULIB Ver.6.0+V

เปลี่ยนเป็นภาษาไทย

Change to English
 แสดงรายละเอียดบรรณานุกรม
  กลับหน้าหลัก

Brief Record : Get Marc (ISO 2709) : E-mail record : QR code < ปิดหน้าต่าง
LEADER : 00000nam 2200000uu 4500
001    13399120972
003     ULIB
008    121029s2552||||th 000 0 tha d
020    ^a9789740318965
060 04 ^aWS350^bผ511ส 2552
100 0  ^aผกา สัตยธรรม
245 10 ^aสุขภาพจิตเด็ก /^cผกา สัตยธรรม
250    ^aพิมพ์ครั้งที่ 8
260    ^aกรุงเทพฯ :^bสำนักพิมพ์แห่งจุฬาลงกรณ์มหาวิทยาลัย,^c2552
300    ^a220 หน้า :^bภาพประกอบ ;^c21 ซม.
500    ^aตำราในโครงการและเอกสารทางวิชาการ คณะครุศาสตร์จุฬาลงกรณ์มหาวิทยาลัย
650  7 ^aจิตวิทยเด็ก
650  7 ^aเด็ก^xการดูแล
650  7 ^aเด็ก^xสุขภาพจิต
650  7 ^aเด็กที่เป็นปัญหา
650  7 ^aสุขภาพจิต^xในวัยทารกและเด็ก
945    ^p0^l0^i16923
945    ^p155^l0^i16922
995    ^aกัณชพร
999 ^a ใช้งานได้ทุกระบบ
รายการนี้ยังไม่มีแท็ก
คุณยังไม่ได้ล็อกอิน คุณสามารถมีกิจกรรมร่วมกับเว็บไซต์ได้ แต่ต้องล็อกอินก่อน ::
  ล็อกอิน

รายการสื่อสารสนเทศ

ลำดับที่ ประเภท เลขเรียก/บาร์โค้ด สถานที่ สถานะ
1. วิทยาศาสตร์การแพทย์ และสุขภาพ
วิทยาศาสตร์การแพทย์ และสุขภาพ
สถานะ=หนังสือเก่า
WS350 ผ511ส 2552  
  Barcode: 16923
ห้องสมุดวิทยาเขตนครสวรรค์
►ส่วนจัดเก็บหนังสือเก่า นว.
บนชั้น
  ขอยืม

รายการใกล้เคียง
    ผู้แต่ง [ผกา สัตยธรรม]

    หัวเรื่อง [จิตวิทยเด็ก]
    หัวเรื่อง [เด็ก การดูแล]
    หัวเรื่อง [เด็กที่เป็นปัญหา]

BibComment


ยังไม่เคยถูกคอมเมนท์

คอมเมนท์ทรัพยากรรายการนี้
  คอมเมนท์: สุขภาพจิตเด็ก ผ..


 Copyright 2026. Bcnsprnw @Library